00389nam a2200145Ia 4500003000400000005001700004008004100021040001800062041000800080100004300088110001900131245004200150260001800192710003300210OSt20260303161231.0211028s2005 xx 000 0 und d cAIMIT LIBRARY aeng aSriram, Ranjana;Rao, Rohini R.g299766 aRao, Rohini R. aWebtest an online management system / aManipalc2005 aZeta Cyber Solutions(P) Ltd.